000 03803nam a22005297a 4500
001 B-266100-119
003 dpl
005 20080605123125.0
008 080530t xxu||||| |||| 00| 0 eng d
020 _a8128616440
_c145.00
035 _aB-266100-119
040 _aDPL
_bEN
082 _aN
100 _aLobdell, Scott
245 _aMad house /
_cby Scott Lobdell [and] Daniel Rendon; based on the series by Franklin W. Dixon
260 _aMumbai
_bEuro Books
_c2005
270 _bMumbai
_aDani Corporate Park, 158, Vidyanagari Marg, Kalina, Santacruz (E)
_e400098
300 _aunpaged
_bcol. ill.
_c20 cm (Hb)
490 _aThe Hardy Boys
700 _aRendon, Daniel
700 _aDixon, Franklin W.
700 _aHenrique, Paulo
700 _aDixon, Franklin W.
942 _2ddc
_cCH
_hS
_mLOB
999 _c13294
_d13294